| 000 | 01360nam a2200193Ia 4500 | ||
|---|---|---|---|
| 003 | Ost | ||
| 005 | 20260507075254.0 | ||
| 008 | 260507s9999||||xx |||||||||||||| ||und|| | ||
| 040 | _cfsecg | ||
| 041 | _aara | ||
| 082 | _a330 | ||
| 100 |
_aالعلي، عادل فليح _eمؤلف |
||
| 245 | 0 |
_aمالية الدولة / _c عادل فليح العلي |
|
| 260 |
_aعمان: _bدارزهران, _c2008 |
||
| 300 |
_a531 صفحة؛ _bإيضاحات ؛ _c24 سم |
||
| 520 | _aطبيعة و نطاق علم المالية العامة ، تطور المالية العمة ، ماهية النفقات العامة و حجم هذه النفقات ، تقسيم النفقات العامة ، ظاهرة التزايد المستمر للنفقات العامة ، الآثار الاقتصادية للانفاق العامة ، إيرادات الدولة من املاكها ، الرسم ، الضرائب ، القروض العامة ، الاصدار النقدي الجديد ، الإعانات ، التعريف بالموازنة العامة للدولة ، مبادئ الموازن و قواعدها ، تحضير الموازنة و اعدادها ، تنفيذ الموازنة و متابعتها ، الرقابة على تنفيذ الموازنة العامة للدولة . | ||
| 653 | _aالمالية العامة | ||
| 942 | _cكتاب | ||
| 999 |
_c43716 _d43716 |
||